Statistics for Counties Who Had the Most Wars

Click here to take the quiz!

General Stats

  • This quiz has been taken 38 times
  • The average score is 23 of 29

Answer Stats

WarsCountry% Correct
250+France
100%
75Russia
100%
241United Kingdom
100%
20China
97%
300+Spain
97%
101United States
97%
61Germany
94%
115Poland
94%
24Turkey
89%
148India
86%
104Iran
86%
44Italy
86%
43Mexico
86%
35Canada
83%
49Egypt
83%
33Iraq
83%
64Sweden
83%
78Brazil
81%
90Argentina
72%
66Denmark
72%
15Israel
72%
115Austria
69%
61Afghanistan
67%
190Hungary
67%
12Syria
67%
67Nigeria
61%
42North Korea
44%
38Bulgaria
36%
110The Philippines
36%

Score Distribution

Percentile by Number Answered

Percent of People with Each Score

Your Score History

You have not taken this quiz